000
00229 a2200097 4500
001
18805
100
_a
Debhanly J
245
_a
Manpower problems & policies
260
_a
_b
International textbook Co
_c
1969
090
_c
13927
_d
13927
942
_a
NUST-CAE
_c
M
_c
4366
999
_c
253878
_d
253878